Lectures on Riemann surfaces, Jacobi varieties /
Guardado en:
| Autor Principal: | |
|---|---|
| Formato: | Libro |
| Idioma: | English |
| Publicado: |
Princeton, N.J. :
Princeton University Press,
1972.
|
| Series: | Mathematical notes (Princeton University Press)
|
| Materias: | |
| Etiquetas: |
Agregar Etiqueta
Sin Etiquetas, Sea el primero en etiquetar este registro!
|
| LEADER | 00911cam a2200253 a 4500 | ||
|---|---|---|---|
| 001 | MAT.inmabb004603 | ||
| 008 | 730507s1972####nju######b####001#0#eng## | ||
| 005 | 20170518173823.0 | ||
| 245 | 1 | 0 | |a Lectures on Riemann surfaces, Jacobi varieties / |c by R. C. Gunning. |
| 260 | |a Princeton, N.J. : |b Princeton University Press, |c 1972. | ||
| 300 | |a iii, 189 p. ; |c 24 cm. | ||
| 490 | 1 | |a Mathematical notes ; |v 12 | |
| 500 | |a Secuela de: Lectures on Riemann surfaces. Princeton University Press, 1966. | ||
| 504 | |a Incluye referencias bibliográficas. | ||
| 510 | 4 | |a MR, |c 50 #9875 | |
| 020 | |a 0691081271 | ||
| 100 | 1 | |a Gunning, R. C. |q (Robert Clifford), |d 1931- | |
| 830 | 0 | |a Mathematical notes (Princeton University Press) | |
| 650 | 0 | |a Riemann surfaces. | |
| 650 | 0 | |a Jacobi varieties. | |
| 084 | |a 14H40 (30A46 32G20) |2 MR | ||
| 010 | |a 72009950 | ||
| 040 | |a DLC |c DLC |d DLC | ||
| 859 | |h 14 |i G976 |p A-4284 |b BIB. MATEMATICA | ||
